LEADER 01024cam0 2200277 450 001 E600200009136 005 20191125130400.0 100 $a20050316d2003 |||||ita|0103 ba 101 $aita 102 $aIT 200 1 $a<>libro dell'arte$fCennino Cennini$gcur. Fabio Frezzato 210 $aVicenza$cNeri Pozza$d2003 215 $a346 p.$cill.$d21 cm 225 2 $acolibrì 410 1$1001LAEC00021004$12001 $aI *colibrì 700 1$aCennini$b, Cennino$3AF00010727$4070$036249 702 1$aFrezzato, Fabio$3A600200030086$4070 801 0$aIT$bUNISOB$c20191125$gRICA 850 $aUNISOB 852 $aUNISOB$jLaboratorio|Restauro|Ligneo$m124957 912 $aE600200009136 940 $aM 102 Monografia moderna SBN 941 $aM 957 $aLaboratorio|Restauro|Ligneo$b000004$gCON$d124957$racquisto$1catenacci$2UNISOB$3UNISOB$420050316101742.0$520191125130400.0$6bethb$fPer le modalità di consultazione vedi home page della Biblioteca link Fondi 996 $aLibro dell'arte$998101 997 $aUNISOB LEADER 01045nam0-2200325 --450 001 9910871480003321 005 20250311122359.0 010 $a88-7104-769-9 100 $a20240726d1993----kmuy0itay5050 ba 101 0 $aita 102 $aIT 105 $a 001yy 200 1 $aAldo Moro e la crisi della forma-partito$fa cura di Andrea Ambrogetti$gintroduzione di Giovanni Moro$gscritti di Alfonso Alfonsi ... [et al.] 210 $aNapoli$cEdizioni scientifiche italiane$d1993 215 $a194 p.$d21 cm. 225 1 $aˆL'‰intelligenza e gli avvenimenti$v1 610 0 $aPolitica 610 0 $aItalia$aPolitica 610 0 $aMoro, Aldo$aPensiero politico 676 $a945.0927092$v20 702 1$aAlfonsi,$bAlfonso 702 1$aMoro,$bGiovanni$f<1958- > 702 1$aAmbrogetti,$bAndrea 801 0$aIT$bUNINA$gREICAT$2UNIMARC 901 $aBK 912 $a9910871480003321 952 $aDAM C10 ALFA 01$b2024/7073$fFLFBC 959 $aFLFBC 996 $aAldo Moro e la crisi della forma-partito$94182956 997 $aUNINA